Decision in government (Record no. 409314)

000 -LEADER
fixed length control field 00377cam a22001337a 4500
008 - FIXED-LENGTH DATA ELEMENTS--GENERAL INFORMATION
fixed length control field 180718b1970 xxu||||| |||| 00| 0 eng d
082 ## - DEWEY DECIMAL CLASSIFICATION NUMBER
Classification number I52 B739
100 ## - MAIN ENTRY--PERSONAL NAME
Personal name Bray ,Jeremy
245 ## - TITLE STATEMENT
Title Decision in government
Statement of responsibility, etc. By Jeremy Bray
260 ## - PUBLICATION, DISTRIBUTION, ETC.
Place of publication, distribution, etc. London
Name of publisher, distributor, etc. Victor gollancz
Date of publication, distribution, etc. 1970
300 ## - PHYSICAL DESCRIPTION
Extent 319p
650 ## - SUBJECT ADDED ENTRY--TOPICAL TERM
Topical term or geographic name entry element Great Britain - Economic policy - 1964-1979
650 ## - SUBJECT ADDED ENTRY--TOPICAL TERM
Topical term or geographic name entry element Economic policy
Holdings
Withdrawn status Lost status Damaged status Not for loan Permanent Location Current Location Date acquired Full call number Barcode Date last seen Price effective from Koha item type
        Indian Institute of Public Administration Indian Institute of Public Administration 2009-01-02 I52 B739 DA1984 2018-07-21 2018-07-21 DA

Powered by Koha